| 000 | 01129nam a2200289 a 4500 | ||
|---|---|---|---|
| 001 | BRCA_2002 | ||
| 005 | 20190320203631.0 | ||
| 008 | 120608s2016----mx-#######---#000-0#spa-# | ||
| 020 | _a9786070283895 (Obra completa) | ||
| 041 | _aspa | ||
| 044 | _amx | ||
| 050 | 4 |
_aPQ6323.A2 _b.C47 2016 |
|
| 100 | 1 |
_aCervantes Saavedra, Miguel de _d1547-1616 _9213 |
|
| 245 | 1 | 0 |
_aEl Ingenioso Hidalgo Don Quijote de la Mancha _cMiguel de Cervantes Saavedra ; notas Diego Clemencín ; prefacio Heinrich Heine ; traducción Miguel Ángel Palma Benítez. |
| 260 |
_aMéxico _bUNAM _c2016 |
||
| 300 |
_a2 v. _c19 cm. |
||
| 440 | 0 |
_aNuestros clásicos _pNueva época _v105, 106 _96135 |
|
| 650 | 1 | 4 |
_aNovela española _yÉpoca clásica, 1500-1700 _9215 |
| 650 | 1 | 4 |
_aLiteratura española _yÉpoca clásica, 1500-1700 _9216 |
| 650 | 1 | 4 |
_aNovela española _ySiglo XVII _9217 |
| 650 | 1 | 4 |
_aDon Quijote (Personaje ficticio) _eNovela _9218 |
| 700 | 1 |
_aClemencín, Diego _d1765-1834 _enotas _96136 |
|
| 700 | 1 |
_aHeine, Heinrich _d1797-1856 _ePrefacio _96137 |
|
| 700 | 1 |
_aPalma Benítez, Miguel Ángel _eTraductor _96138 |
|
| 902 | _aQAG | ||
| 942 |
_2lcc _cB |
||
| 999 |
_c1769 _d1769 |
||